Normal view
MARC view
Entry Personal Name
001 - CONTROL NUMBER
- control field: 36492
003 - CONTROL NUMBER IDENTIFIER
- control field: OSt
005 - DATE AND TIME OF LATEST TRANSACTION
- control field: 20230303164740.0
008 - FIXED-LENGTH DATA ELEMENTS
- fixed length control field: 230303|| aca||aabn | a|a d
040 ## - CATALOGING SOURCE
- Original cataloging agency: OSt
- Transcribing agency: OSt
100 ## - HEADING--PERSONAL NAME
- Personal name: Bhat, S. A., Mir, A.A. and Islam, S.B.
670 ## - SOURCE DATA FOUND
- Source citation: Work cat.: (OSt)521299: Bhat, S. A., Mir, A.A. and Islam, S.B. , Scale purification and validation: A methodological approach to sustainable online retailing
